000 00229nam a22000857a 4500
008 161219b xxu||||| |||| 00| 0 eng d
100 _92138
_aTrublaini M
245 _aLittle Natalochka and the silver fish
260 _aDnipro
_bKiev
_c1986
999 _c5018
_d5018